MONDIALISATIONS (1880-1935) - P1C2 IIB-III - Statistiques

Statistiques générales
  • Ce quiz a été pris 13 fois
  • Le résultat moyen est 15 sur 50
Statistiques - réponses
Question Réponse % Correct
Autres noms de l'indenture Engagisme, coolie-trade
100%
Facteur rythmant les départs d'engagés indiens Famines
100%
Pays colonisateurs impliqués (pays le plus au Sud pays le plus au Nord) France et Royaume-Uni
100%
Part du sucre importé en France venant des colonies (%) 100%
67%
Nombre de sociétés françaises en Afrique-Occidentale française échangeant des produits manufacturés contre des matières premières 200 (CFAO, SCOA)
67%
Phénomène auquel est comparé l'engagisme (Historien phénomène) Esclavage (Hugh Tinker)
67%
Société qu'il a fondé HSBC
67%
Population indienne surreprésentée parmi les engagés Intouchables
67%
Origine des engagés Java, Japon, Chine, Tonkin, Inde, Madagascar, Afrique
67%
Principale nouveauté important la modernité bancaire dans les colonies L'implantation de banques privées commerciales
67%
Exemple de lieu placé sous condominium Nouvelles-Hébrides
67%
Théoricien de la "mondialisation impériale" Pierre Singaravélou
67%
Autre système de recrutement des autochtones Système des Kangani
67%
Exemple de plantations où travaillent des Kangani indiens (culture lieu) Thé de Ceylan, riz birman, hévéa malais
67%
Acteur issu de cette société Thomas Dent
67%
Part d'Indiens au Natal britannique (%) 10%
33%
Parts des produits exotiques importés par l'Allemagne venus des colonies en 1913 (%) 3%
33%
Dividendes rapportés par les mines d'Afrique du Sud en 1907-8 (%) 30%
33%
Part de Français parmi les Européens installés en Algérie (%) 50%
33%
Part du bois gabonais exporté vers l'Allemagne 70%
33%
Destination des engagés Amériques, Asie, Pacifique, Afrique, Océan Indien
33%
Secteurs où beaucoup de sociétés sont des sociétés par actions Chemin de fer, mines, bois
33%
Exemple de pratique exporté du Royaume-Uni vers ses colonies (pratique - colonie de destination) Cricket - Inde
33%
Société qui initie ce phénomène East India Company
33%
Part des placements allemands à l'étranger investis dans les colonies (%) moins de 10%
33%
Exemples de dynasties fanées sur une fortune coloniale Rivaud, Keswick
33%
Part des exportations françaises à destinations des colonies en 1913 (%) 13%
0%
Valeur des parts détenues par des britanniques dans le chemin de fer étranger en 1913 (£) 1 500 000 £
0%
Nombre de départs d'engagés entre 1834 et 1920 1 500 000
0%
Valeur des importations françaises depuis les colonies (1911-1913) ($) 170 000 000 $
0%
Valeur des exportations françaises vers les colonies (1911-1913) ($) 177 000 000 $
0%
Dates sur lesquelles elle ne reverse aucun dividende (date-date) 1889-1923
0%
Date mise en place de ce condominium 1907
0%
Dont valeur des investissements français dans les colonies (francs) 197 000 000 francs
0%
Part des importations anglaises en provenance des colonies (%) 20%
0%
Nombre de sièges de banques coloniales à Londres en 1880 27
0%
Part des exportations anglaises à destination des colonies (%) 37%
0%
Circulations de Kangani entre 1870 et 1914 4 000 000
0%
Valeur des exportations françaises vers les colonies (1879-1881) ($) 41 000 000 $
0%
Part des placements anglais à l'étranger investis dans les colonies (%) 45%
0%
Valeur des importations françaises depuis les colonies (1879-1881) ($) 45 000 000 $
0%
Nombre d'Indiens à Londres en 1914 70 000
0%
Capital de la deuxième (£) 700 000 000 £
0%
Valeur des investissements français à l'étranger (francs) 7 000 000 000 francs
0%
Nombre de départs d'engagés chinois entre 1834 et 1920 750 000
0%
Part des importations françaises venues des colonies en 1913(%) 9%
0%
Exemple d'institution témoignant des relations entre empires Banque en Chine de l'opium indien
0%
Exemple de société coloniale peu rentable British South African Company
0%
Exemples de banque coloniales à Londres Chartered Bank of India Australia and ChinaBanque d'Australie, de Nouvelle-Zélande et du Canada
0%
Exemple de pratique importé des colonies britanniques (pratique - colonie d'origine) Polo - Asie centrale
0%
Aucun quiz correspondant
Distribution des résultats
% des personnes avec chaque résultat
Percentile par nombre de réponses
Votre historique - résultats
Vous n’avez pas pris ce quiz